[Event "EU-ch 15th"]
[Site "Yerevan"]
[Date "2014.03.12"]
[Round "9"]
[White "Cherednichenko, Svetlana"]
[Black "Hudyakov, Sergey"]
[Result "1/2-1/2"]
[WhiteElo "2270"]
[BlackElo "2107"]
[PlyCount "81"]
[EventDate "2014.03.03"]
[EventType "swiss"]
[EventRounds "11"]
[EventCountry "ARM"]
[SourceTitle "CBM 160"]
[Source "ChessBase"]
[SourceDate "2014.05.15"]
[SourceVersion "1"]
[SourceVersionDate "2014.05.15"]
[SourceQuality "1"]

1. d4 Nf6 2. Nf3 g6 3. c4 Bg7 4. Nc3 0-0 5. e4 d6 6. Be2 Nbd7 7. 0-0 e5 8. Be3 Ng4 9. Bg5 f6 10. Bh4 Nh6 11. dxe5 dxe5 12. b4 Nf7 13. c5 c6 14. Qb3 Qe7 15. Rac1 Re8 16. Nd2 Nf8 17. Bc4 Ne6 18. Ne2 Rd8 19. Rcd1 a5 20. a3 Nc7 21. Bxf7+ Qxf7 22. Qxf7+ Kxf7 23. Nc4 Rxd1 24. Rxd1 axb4 25. axb4 Be6 26. Nd6+ Ke7 27. Nxb7 Rb8 28. Na5 Bd7 29. f4 Rxb4 30. fxe5 g5 31. exf6+ Bxf6 32. Bg3 Rxe4 33. Bxc7 Rxe2 34. Kf1 Re4 35. Nb7 Re6 36. Nd8 Re4 37. Nb7 Re6 38. Nd8 Re4 39. Nb7 Re6 40. Nd8 Re4 41. Nb7 1/2-1/2

[Event "EU-ch 15th"]
[Site "Yerevan"]
[Date "2014.03.08"]
[Round "6"]
[White "Sayadyan, Edvard"]
[Black "Cherednichenko, Svetlana"]
[Result "0-1"]
[WhiteElo "2010"]
[BlackElo "2270"]
[PlyCount "52"]
[EventDate "2014.03.03"]
[EventType "swiss"]
[EventRounds "11"]
[EventCountry "ARM"]
[SourceTitle "CBM 160"]
[Source "ChessBase"]
[SourceDate "2014.05.15"]
[SourceVersion "1"]
[SourceVersionDate "2014.05.15"]
[SourceQuality "1"]

1. e4 d6 2. d4 Nf6 3. Nc3 e5 4. Nf3 Nbd7 5. g4 Nxg4 6. Rg1 Ngf6 7. Be3 c6 8. Qd2 b5 9. 0-0-0 b4 10. dxe5 Qa5 11. Nb1 Nxe4 12. Qe1 dxe5 13. Bc4 g6 14. h4 Bg7 15. h5 Nec5 16. Ng5 Rf8 17. Nxh7 Nb6 18. Nxf8 Nxc4 19. Nh7 Bf5 20. hxg6 fxg6 21. Ng5 Rb8 22. Bd4 Qxa2 23. Rg3 b3 24. Qh1 bxc2 25. Qxc6+ Nd7 26. Nc3 Qxb2# 0-1

[Event "EU-ch 15th"]
[Site "Yerevan"]
[Date "2014.03.05"]
[Round "3"]
[White "Cherednichenko, Svetlana"]
[Black "Imnadze, Nato"]
[Result "1-0"]
[WhiteElo "2270"]
[BlackElo "2100"]
[PlyCount "93"]
[EventDate "2014.03.03"]
[EventType "swiss"]
[EventRounds "11"]
[EventCountry "ARM"]
[SourceTitle "CBM 160"]
[Source "ChessBase"]
[SourceDate "2014.05.15"]
[SourceVersion "1"]
[SourceVersionDate "2014.05.15"]
[SourceQuality "1"]

1. d4 Nf6 2. Nf3 g6 3. c4 Bg7 4. Nc3 d6 5. e4 0-0 6. Be2 e5 7. 0-0 Nc6 8. d5 Ne7 9. b4 Nd7 10. Be3 f5 11. Ng5 Nf6 12. f3 Bh6 13. Bc1 Bxg5 14. Bxg5 f4 15. c5 Kg7 16. Qc2 Ne8 17. Rfc1 Rf7 18. Nb5 Bd7 19. c6 bxc6 20. dxc6 Be6 21. Bc4 Qc8 22. Bxe6 Qxe6 23. Qc4 Qxc4 24. Rxc4 a5 25. Bxe7 Rxe7 26. a4 axb4 27. Rxb4 Ra6 28. a5 Kf7 29. Nc3 Nf6 30. Rb7 Kf8 31. Kf1 Re8 32. Nd5 Nxd5 33. exd5 Rc8 34. Ke2 Ke7 35. Kd3 Kd8 36. g3 fxg3 37. hxg3 h5 38. g4 h4 39. g5 h3 40. Kc4 Rca8 41. Kb4 h2 42. Rb5 Ke7 43. Rh1 Rf8 44. Rb7 Raa8 45. Rxh2 Rac8 46. Rh7+ Kd8 47. a6 1-0

[Event "Isthmia op 3rd"]
[Site "Vrachati"]
[Date "2013.08.25"]
[Round "9"]
[White "Martins, David Pires Tavares"]
[Black "Cherednichenko, Svetlana"]
[Result "1-0"]
[WhiteElo "2179"]
[BlackElo "2283"]
[PlyCount "77"]
[EventDate "2013.08.18"]
[EventType "swiss"]
[EventRounds "9"]
[EventCountry "GRE"]
[SourceTitle "CBM 156 Extra"]
[Source "ChessBase"]
[SourceDate "2013.10.22"]
[SourceVersion "1"]
[SourceVersionDate "2013.10.22"]
[SourceQuality "1"]

1. e4 d6 2. d4 Nf6 3. Nc3 e5 4. f4 exd4 5. Qxd4 Be7 6. Nf3 c6 7. Bc4 b5 8. Be2 Qb6 9. Be3 Qxd4 10. Bxd4 b4 11. e5 bxc3 12. exf6 cxb2 13. Bxb2 Bxf6 14. Bxf6 gxf6 15. 0-0-0 d5 16. c4 0-0 17. cxd5 cxd5 18. Rxd5 Be6 19. Rd6 Bxa2 20. f5 Bb3 21. Nd4 Ba4 22. Bf3 Nd7 23. Bxa8 Rxa8 24. Kd2 Nb6 25. Kd3 Kg7 26. Rc1 Nd7 27. Rc7 Ne5+ 28. Ke4 a5 29. Ne6+ Kg8 30. Nf4 Ng4 31. Nh5 Nxh2 32. Nxf6+ Kg7 33. Nh5+ Kg8 34. Kf4 Bb5 35. Rh6 Ng4 36. Kxg4 Be2+ 37. Kh4 Bxh5 38. Kxh5 a4 39. Rhc6 1-0

[Event "Politiken Cup 35th"]
[Site "Helsingor"]
[Date "2013.08.03"]
[Round "9"]
[White "Mihajlov, Sebastian"]
[Black "Cherednichenko, Svetlana"]
[Result "1/2-1/2"]
[WhiteElo "2138"]
[BlackElo "2290"]
[PlyCount "47"]
[EventDate "2013.07.27"]
[EventType "swiss"]
[EventRounds "10"]
[EventCountry "DEN"]
[SourceTitle "CBM 155 Extra"]
[Source "ChessBase"]
[SourceDate "2013.08.26"]
[SourceVersion "1"]
[SourceVersionDate "2013.08.26"]
[SourceQuality "1"]

1. d4 g6 2. c4 Bg7 3. Nf3 d6 4. Nc3 Nf6 5. e4 0-0 6. h3 Nbd7 7. Be3 e5 8. d5 Nc5 9. Nd2 a5 10. g4 c6 11. Be2 Rb8 12. h4 cxd5 13. cxd5 b5 14. g5 Nh5 15. Bxc5 dxc5 16. Bxh5 gxh5 17. Qxh5 c4 18. Nd1 f5 19. Rg1 Kh8 20. Ne3 f4 21. Ng4 Qd6 22. Nh6 Qg6 23. Qxg6 hxg6 24. Ke2 1/2-1/2

[Event "Politiken Cup 35th"]
[Site "Helsingor"]
[Date "2013.08.02"]
[Round "8"]
[White "Cherednichenko, Svetlana"]
[Black "Pedersen, Hans Buus"]
[Result "1/2-1/2"]
[WhiteElo "2290"]
[BlackElo "2118"]
[PlyCount "116"]
[EventDate "2013.07.27"]
[EventType "swiss"]
[EventRounds "10"]
[EventCountry "DEN"]
[SourceTitle "CBM 155 Extra"]
[Source "ChessBase"]
[SourceDate "2013.08.26"]
[SourceVersion "1"]
[SourceVersionDate "2013.08.26"]
[SourceQuality "1"]

1. d4 e6 2. Nf3 c5 3. e3 Nf6 4. Bd3 b6 5. 0-0 Bb7 6. c4 Be7 7. Nc3 0-0 8. d5 exd5 9. cxd5 d6 10. e4 Nbd7 11. Nd2 Ne5 12. Be2 a6 13. f4 Ng6 14. a4 Re8 15. Nc4 Bf8 16. Nd2 Qc7 17. g4 Qe7 18. g5 Nd7 19. Qe1 b5 20. axb5 axb5 21. Rxa8 Rxa8 22. Bxb5 Nb6 23. h4 Qc7 24. h5 Ne7 25. Qg3 c4 26. Kh2 Ra5 27. Qf2 Nec8 28. Qd4 Ba6 29. Bxa6 Rxa6 30. Nf3 Na4 31. Nxa4 Rxa4 32. Qc3 Qb7 33. Nd4 Nb6 34. Nf5 Qd7 35. Ne3 Qb5 36. Nf5 Qd7 37. Qd4 Rb4 38. Bd2 Rb3 39. Bc3 Na4 40. Qxc4 Nxc3 41. bxc3 Rb2+ 42. Kg3 g6 43. hxg6 hxg6 44. Nd4 Bg7 45. Ra1 Qb7 46. Qc6 Rg2+ 47. Kxg2 Qb2+ 48. Kf3 Qxa1 49. Qc8+ Kh7 50. Ne2 Qb1 51. Ke3 Qb6+ 52. Kf3 Qb1 53. Qa6 Qf1+ 54. Ke3 Bxc3 55. Qc8 Bb4 56. Qf8 Qh3+ 57. Kd4 Qd7 58. Ke3 Qh3+ 1/2-1/2

[Event "GRE-chT 41st"]
[Site "Achaia"]
[Date "2013.07.05"]
[Round "5.1"]
[White "Postny, Evgeny"]
[Black "Cherednichenko, Svetlana"]
[Result "1-0"]
[WhiteElo "2645"]
[BlackElo "2290"]
[PlyCount "57"]
[EventDate "2013.07.02"]
[EventType "team-swiss"]
[EventRounds "7"]
[EventCountry "GRE"]
[SourceTitle "CBM 155 Extra"]
[Source "ChessBase"]
[SourceDate "2013.08.26"]
[SourceVersion "1"]
[SourceVersionDate "2013.08.26"]
[SourceQuality "1"]
[WhiteTeam "Irakleiou CN"]
[BlackTeam "Glifadas Zenon"]
[WhiteTeamCountry "GRE"]
[BlackTeamCountry "GRE"]

1. d4 e6 2. c4 f5 3. g3 Nf6 4. Bg2 Be7 5. Nh3 d6 6. 0-0 0-0 7. b3 e5 8. Bb2 Ng4 9. Nc3 c6 10. Qd2 Bf6 11. e3 g5 12. Rad1 Qe7 13. dxe5 dxe5 14. f3 Nh6 15. Nf2 Qg7 16. g4 e4 17. fxe4 fxg4 18. Nd3 Nd7 19. e5 Nxe5 20. Rxf6 Qxf6 21. Nxe5 Bf5 22. Nd5 cxd5 23. Bxd5+ Be6 24. Nxg4 Nxg4 25. Bxf6 Rxf6 26. Rf1 Raf8 27. Bxe6+ Rxe6 28. Rxf8+ Kxf8 29. Qd7 1-0

[Event "EU-ch 14th"]
[Site "Legnica"]
[Date "2013.05.08"]
[Round "4"]
[White "Efimenko, Zahar"]
[Black "Cherednichenko, Svetlana"]
[Result "1/2-1/2"]
[WhiteElo "2677"]
[BlackElo "2274"]
[PlyCount "57"]
[EventDate "2013.05.05"]
[EventType "swiss"]
[EventRounds "11"]
[EventCountry "POL"]
[SourceTitle "CBM 155"]
[Source "ChessBase"]
[SourceDate "2013.07.16"]
[SourceVersion "1"]
[SourceVersionDate "2013.07.16"]
[SourceQuality "1"]

1. e4 d6 2. g3 g6 3. Bg2 Bg7 4. Ne2 e5 5. 0-0 Nc6 6. c3 f5 7. exf5 Bxf5 8. d4 Nge7 9. Qb3 Na5 10. Qa4+ c6 11. dxe5 dxe5 12. Bg5 Qc7 13. Na3 Bd3 14. Rfe1 b5 15. Qb4 Bf8 16. Qg4 Bf5 17. Qh4 0-0-0 18. b4 Nb7 19. c4 Rd3 20. Nc2 bxc4 21. Bf6 Rg8 22. Qxc4 Nd6 23. Qa6+ Qb7 24. Qa4 Nc4 25. b5 Qxb5 26. Qxa7 Qb7 27. Qa4 Nb6 28. Qh4 Ned5 29. Bg5 1/2-1/2

[Event "EU-ch 14th"]
[Site "Legnica"]
[Date "2013.05.05"]
[Round "1"]
[White "Cherednichenko, Svetlana"]
[Black "Kotronias, Vasilios"]
[Result "1-0"]
[WhiteElo "2274"]
[BlackElo "2580"]
[PlyCount "101"]
[EventDate "2013.05.05"]
[EventType "swiss"]
[EventRounds "11"]
[EventCountry "POL"]
[SourceTitle "CBM 155"]
[Source "ChessBase"]
[SourceDate "2013.07.16"]
[SourceVersion "1"]
[SourceVersionDate "2013.07.16"]
[SourceQuality "1"]

1. d4 Nf6 2. Nf3 g6 3. Bf4 Bg7 4. e3 0-0 5. h3 d6 6. Be2 Nbd7 7. Bh2 Ne4 8. c4 e5 9. Bd3 f5 10. Nc3 Nxf2 11. Kxf2 e4 12. Nxe4 fxe4 13. Bxe4 Nf6 14. Qc2 Qe7 15. Bd3 g5 16. Ke2 c5 17. Rae1 b5 18. b3 bxc4 19. bxc4 Bd7 20. Kd2 h6 21. Re2 Rac8 22. d5 Rb8 23. Rb1 Rb6 24. Rxb6 axb6 25. Qb3 Ne4+ 26. Bxe4 Qxe4 27. Bxd6 Ra8 28. Ke1 Bxh3 29. Qc2 Qxc2 30. Rxc2 Bf5 31. Rf2 Bc3+ 32. Kd1 Be4 33. Ne5 b5 34. Nc6 bxc4 35. Bxc5 Kh7 36. Ne7 Rb8 37. Rf7+ Kh8 38. Ke2 Rb2+ 39. Kf1 Bg7 40. d6 Rb8 41. d7 Rd8 42. Bd4 Bxd4 43. exd4 c3 44. Ke2 h5 45. d5 h4 46. Nc6 c2 47. Kd2 Rxd7 48. Rxd7 Bxg2 49. Ne5 Kg8 50. d6 h3 51. Ng4 1-0

[Event "Reykjavik op"]
[Site "Reykjavik"]
[Date "2013.02.25"]
[Round "8"]
[White "Cherednichenko, Svetlana"]
[Black "Hambleton, Aman"]
[Result "1-0"]
[WhiteElo "2307"]
[BlackElo "2472"]
[PlyCount "73"]
[EventDate "2013.02.19"]
[EventType "swiss"]
[EventRounds "10"]
[EventCountry "ISL"]
[SourceTitle "CBM 153 Extra"]
[Source "ChessBase"]
[SourceDate "2013.04.22"]
[SourceVersion "1"]
[SourceVersionDate "2013.04.22"]
[SourceQuality "1"]

1. d4 e6 2. Nf3 Nf6 3. e3 c5 4. Bd3 b6 5. 0-0 Bb7 6. c4 Be7 7. Nc3 cxd4 8. exd4 d5 9. cxd5 Nxd5 10. Ne5 0-0 11. Qg4 Nf6 12. Qh4 Ne4 13. Qh5 g6 14. Qe2 Nxc3 15. bxc3 Nc6 16. Ng4 Rc8 17. Bh6 Re8 18. Bb5 Qd5 19. c4 Qf5 20. Rad1 Bf8 21. Rd3 Bg7 22. Rfd1 a6 23. Ba4 b5 24. cxb5 axb5 25. Ne3 Qe4 26. Bxg7 bxa4 27. Bf6 Ba6 28. f3 Bxd3 29. Rxd3 Qf4 30. Ng4 Nb4 31. Rd1 Rc1 32. Be5 Rxd1+ 33. Qxd1 Qg5 34. Nf6+ Kg7 35. Nxe8+ Kf8 36. Bd6+ Kxe8 37. Bxb4 1-0

[Event "Reykjavik op"]
[Site "Reykjavik"]
[Date "2013.02.20"]
[Round "3"]
[White "Kuzubov, Yuriy"]
[Black "Cherednichenko, Svetlana"]
[Result "1-0"]
[WhiteElo "2622"]
[BlackElo "2307"]
[PlyCount "125"]
[EventDate "2013.02.19"]
[EventType "swiss"]
[EventRounds "10"]
[EventCountry "ISL"]
[SourceTitle "CBM 153 Extra"]
[Source "ChessBase"]
[SourceDate "2013.04.22"]
[SourceVersion "1"]
[SourceVersionDate "2013.04.22"]
[SourceQuality "1"]

1. d4 d6 2. e4 Nf6 3. Nc3 e5 4. Nf3 Nbd7 5. Bc4 Be7 6. 0-0 0-0 7. a4 a5 8. Re1 c6 9. h3 h6 10. b3 Re8 11. Bb2 Qc7 12. Qd2 Nf8 13. Rad1 Ng6 14. Qc1 Bd7 15. Bf1 Rad8 16. g3 Nh7 17. Bg2 Ng5 18. Nxg5 Bxg5 19. Qa1 h5 20. h4 Bf6 21. d5 Bg4 22. Rd3 c5 23. Nb5 Qe7 24. Bc1 Nf8 25. Na3 Rb8 26. Bd2 b6 27. Bf3 Bxf3 28. Rxf3 g6 29. Rd3 Bg7 30. Qd1 Kh7 31. Nc4 Nd7 32. Bg5 Bf6 33. Bc1 Bg7 34. Rf1 Rf8 35. Kg2 Kg8 36. Qe2 Rbe8 37. Rdd1 f5 38. exf5 Rxf5 39. Bg5 Bf6 40. Ne3 Bxg5 41. Nxf5 gxf5 42. hxg5 Qxg5 43. Rh1 Nf6 44. Rh4 Kg7 45. Rdh1 Nxd5 46. Qd1 Nf6 47. Qxd6 f4 48. Qc7+ Kg8 49. Qc6 Rd8 50. Qe6+ Kf8 51. Re1 Rd2 52. Qc8+ Kf7 53. Qb7+ Kf8 54. Qf3 Kg7 55. Kg1 Rxc2 56. Rh2 Rb2 57. Rg2 Kf7 58. Qb7+ Kf8 59. Rd1 Ng4 60. gxf4 Qh4 61. Qc8+ Kf7 62. Rd7+ Kf6 63. Qf8+ 1-0

[Event "Chigorin Memorial 20th"]
[Site "St Petersburg"]
[Date "2012.11.02"]
[Round "7"]
[White "Demuth, Adrien"]
[Black "Cherednichenko, Svetlana"]
[Result "1/2-1/2"]
[WhiteElo "2479"]
[BlackElo "2311"]
[PlyCount "50"]
[EventDate "2012.10.27"]
[EventType "swiss"]
[EventRounds "9"]
[EventCountry "RUS"]
[SourceTitle "EXT 2013"]
[Source "ChessBase"]
[SourceDate "2012.11.22"]
[SourceVersion "1"]
[SourceVersionDate "2012.11.22"]
[SourceQuality "1"]

1. d4 Nf6 2. c4 g6 3. Nc3 Bg7 4. e4 d6 5. Nf3 0-0 6. Be2 e5 7. 0-0 Nc6 8. d5 Ne7 9. Nh4 Ne8 10. g3 Bh3 11. Re1 f5 12. exf5 gxf5 13. f3 Ng6 14. Nxg6 hxg6 15. Be3 Nf6 16. Bf1 Bxf1 17. Rxf1 Kf7 18. Qd2 Rh8 19. Rae1 Rh3 20. Re2 Qd7 21. Rg2 Rah8 22. Qe2 Nh5 23. Bf2 Nf6 24. Be3 Nh5 25. Bf2 Nf6 1/2-1/2

[Event "Chigorin Memorial 20th"]
[Site "St Petersburg"]
[Date "2012.10.30"]
[Round "4"]
[White "Aseev, Vladimir"]
[Black "Cherednichenko, Svetlana"]
[Result "0-1"]
[WhiteElo "2095"]
[BlackElo "2311"]
[PlyCount "50"]
[EventDate "2012.10.27"]
[EventType "swiss"]
[EventRounds "9"]
[EventCountry "RUS"]
[SourceTitle "EXT 2013"]
[Source "ChessBase"]
[SourceDate "2012.11.22"]
[SourceVersion "1"]
[SourceVersionDate "2012.11.22"]
[SourceQuality "1"]

1. d4 Nf6 2. c4 g6 3. Nc3 Bg7 4. e4 d6 5. Nf3 0-0 6. Be2 e5 7. 0-0 Nc6 8. Be3 Ng4 9. Bg5 f6 10. Bc1 f5 11. exf5 Bxf5 12. h3 Nf6 13. dxe5 dxe5 14. Bg5 e4 15. Nd2 Qe8 16. g4 Be6 17. Qa4 h5 18. gxh5 Bxh3 19. h6 Bh8 20. Rfe1 Qe6 21. c5 Qf5 22. h7+ Kxh7 23. Bh4 Qf4 24. Bxf6 Bxf6 25. Ndxe4 Be5 0-1

[Event "Politiken Cup 34th"]
[Site "Helsingor"]
[Date "2012.08.04"]
[Round "9"]
[White "Taksrud, Vidar"]
[Black "Cherednichenko, Svetlana"]
[Result "0-1"]
[WhiteElo "2057"]
[BlackElo "2293"]
[PlyCount "50"]
[EventDate "2012.07.28"]
[EventType "swiss"]
[EventRounds "10"]
[EventCountry "DEN"]
[SourceTitle "CBM 149 Extra"]
[Source "ChessBase"]
[SourceDate "2012.08.24"]
[SourceVersion "1"]
[SourceVersionDate "2012.08.24"]
[SourceQuality "1"]

1. d4 f5 2. Nf3 Nf6 3. Nc3 d6 4. Bg5 Nbd7 5. Qd3 g6 6. e4 fxe4 7. Nxe4 Bg7 8. Ng3 c5 9. 0-0-0 cxd4 10. Nxd4 Nc5 11. Qc4 Bd7 12. Qb4 a5 13. Qe1 Qb6 14. Bc4 d5 15. Bxf6 Bxf6 16. Bxd5 Na4 17. Bb3 Bxd4 18. c3 Bxf2 19. Qf1 Rf8 20. Qc4 Nc5 21. Bc2 Qe6 22. Qh4 Qxa2 23. Rhe1 Bxe1 24. Rxe1 0-0-0 25. Qxe7 Qa1+ 0-1

[Event "Politiken Cup 34th"]
[Site "Helsingor"]
[Date "2012.08.03"]
[Round "8"]
[White "Cherednichenko, Svetlana"]
[Black "Eriksson, Christian Altenburg"]
[Result "1-0"]
[WhiteElo "2293"]
[BlackElo "2106"]
[PlyCount "63"]
[EventDate "2012.07.28"]
[EventType "swiss"]
[EventRounds "10"]
[EventCountry "DEN"]
[SourceTitle "CBM 149 Extra"]
[Source "ChessBase"]
[SourceDate "2012.08.24"]
[SourceVersion "1"]
[SourceVersionDate "2012.08.24"]
[SourceQuality "1"]

1. d4 d5 2. Nf3 Nf6 3. e3 c5 4. Nbd2 e6 5. b3 Nc6 6. Bb2 Be7 7. a3 b6 8. Bd3 Bb7 9. 0-0 Rc8 10. Ne5 Nxe5 11. dxe5 Nd7 12. Qg4 g6 13. f4 Qc7 14. Rad1 Qc6 15. c4 dxc4 16. Be4 Qc7 17. Bxb7 Qxb7 18. Nxc4 Qe4 19. Qh3 b5 20. Nd2 Qc2 21. Ba1 Nb6 22. Qf3 Rd8 23. Ne4 Rxd1 24. Rxd1 Nd5 25. Nd6+ Bxd6 26. exd6 0-0 27. e4 Nxf4 28. d7 Ne2+ 29. Qxe2 Qxe2 30. d8Q Qe3+ 31. Kh1 Qxb3 32. Bf6 1-0

[Event "Politiken Cup 34th"]
[Site "Helsingor"]
[Date "2012.07.30"]
[Round "4"]
[White "Cherednichenko, Svetlana"]
[Black "Hansen, Sune Berg"]
[Result "0-1"]
[WhiteElo "2293"]
[BlackElo "2577"]
[PlyCount "84"]
[EventDate "2012.07.28"]
[EventType "swiss"]
[EventRounds "10"]
[EventCountry "DEN"]
[SourceTitle "CBM 149 Extra"]
[Source "ChessBase"]
[SourceDate "2012.08.24"]
[SourceVersion "1"]
[SourceVersionDate "2012.08.24"]
[SourceQuality "1"]

1. d4 Nf6 2. Nf3 e6 3. e3 c5 4. Bd3 d5 5. b3 Nc6 6. a3 b6 7. Bb2 Bb7 8. Nbd2 Bd6 9. Ne5 0-0 10. 0-0 Ne7 11. f4 Rc8 12. Rf3 cxd4 13. exd4 Rc7 14. Qe2 Qc8 15. Re1 g6 16. Rh3 Ne8 17. Qf2 f6 18. Ng4 Nf5 19. Ne3 Neg7 20. g4 Nxe3 21. Rexe3 f5 22. Qh4 Ne8 23. gxf5 exf5 24. Nf3 Nf6 25. Ne5 Rg7 26. Kf1 Ne4 27. Qh6 Rf6 28. Bxe4 fxe4 29. Rc3 Qf5 30. Bc1 Bxe5 31. dxe5 Qxe5 32. Ke1 Qd6 33. Qh4 d4 34. Rcg3 e3 35. f5 Rxf5 36. Bb2 Qc6 37. Qd8+ Rf8 38. Qxd4 Qh1+ 39. Ke2 Rf2+ 40. Kxe3 Re7+ 41. Kd3 Qf1+ 42. Kc3 Qe1+ 0-1

[Event "Politiken Cup 34th"]
[Site "Helsingor"]
[Date "2012.07.28"]
[Round "1"]
[White "Degerfeldt, Sven"]
[Black "Cherednichenko, Svetlana"]
[Result "0-1"]
[WhiteElo "1848"]
[BlackElo "2293"]
[PlyCount "120"]
[EventDate "2012.07.28"]
[EventType "swiss"]
[EventRounds "10"]
[EventCountry "DEN"]
[SourceTitle "CBM 149 Extra"]
[Source "ChessBase"]
[SourceDate "2012.08.24"]
[SourceVersion "1"]
[SourceVersionDate "2012.08.24"]
[SourceQuality "1"]

1. d4 Nf6 2. c4 g6 3. Nf3 Bg7 4. g3 0-0 5. Bg2 d6 6. Nc3 Nc6 7. d5 Na5 8. Nd2 c5 9. Qc2 a6 10. b3 Rb8 11. Bb2 b5 12. 0-0 bxc4 13. bxc4 Bh6 14. f4 e5 15. e4 exf4 16. gxf4 Nh5 17. Ne2 Bg4 18. Bf3 Bxf3 19. Rxf3 Nxf4 20. Rxf4 Bxf4 21. Nxf4 Qg5+ 22. Ng2 f6 23. Bc3 Nb7 24. Rf1 Rf7 25. Kh1 Re8 26. Qb2 Ref8 27. Nf4 Re8 28. Ne6 Qe3 29. Bxf6 Na5 30. Qc3 Qxc3 31. Bxc3 Rxf1+ 32. Nxf1 Nxc4 33. Kg2 Rb8 34. Ng3 a5 35. Kf3 a4 36. e5 dxe5 37. Nxc5 Rb5 38. Nxa4 Rxd5 39. Ke4 Rd1 40. Ne2 Rh1 41. Bxe5 Nxe5 42. Kxe5 Rxh2 43. Nac3 Rf2 44. a4 h5 45. Nf4 h4 46. Ne4 Ra2 47. Ng5 Kg7 48. Nf3 Rxa4 49. Nxh4 g5 50. Nf5+ Kh7 51. Ng2 Kg6 52. Nge3 Kh5 53. Ng3+ Kh4 54. Nef5+ Kg4 55. Kf6 Ra5 56. Kg6 Ra6+ 57. Kg7 Kf4 58. Kf7 g4 59. Kg7 Ra3 60. Kg6 Rxg3 0-1

[Event "EU-ch 13th"]
[Site "Plovdiv"]
[Date "2012.03.28"]
[Round "8"]
[White "Ivanov, Alexey2222"]
[Black "Cherednichenko, Svetlana"]
[Result "1-0"]
[WhiteElo "2424"]
[BlackElo "2279"]
[PlyCount "63"]
[EventDate "2012.03.20"]
[EventType "swiss"]
[EventRounds "11"]
[EventCountry "BUL"]
[SourceTitle "CBM 148"]
[Source "ChessBase"]
[SourceDate "2012.05.16"]
[SourceVersion "1"]
[SourceVersionDate "2012.05.16"]
[SourceQuality "1"]

1. e4 d6 2. d4 g6 3. Nc3 Bg7 4. f4 a6 5. Nf3 b5 6. Bd3 Bb7 7. e5 Nh6 8. 0-0 c5 9. dxc5 dxe5 10. fxe5 Ng4 11. Bf4 0-0 12. Qe2 Nd7 13. Rad1 Qc8 14. c6 Qxc6 15. Be4 Qb6+ 16. Kh1 Bxe4 17. Qxe4 Rad8 18. Bg3 h5 19. Nd5 Nc5 20. Qb4 Qa7 21. h3 Rxd5 22. Rxd5 Ne3 23. Qxc5 Qxc5 24. Rxc5 Nxf1 25. Bf4 h4 26. Nxh4 Rd8 27. Nf3 Rd1 28. Rc8+ Kh7 29. Ng5+ Kh6 30. Nxf7+ Kh5 31. g4+ Kh4 32. Kg2 1-0

[Event "EU-ch 13th"]
[Site "Plovdiv"]
[Date "2012.03.24"]
[Round "5"]
[White "Cherednichenko, Svetlana"]
[Black "Sharafiev, Azat"]
[Result "0-1"]
[WhiteElo "2279"]
[BlackElo "2433"]
[PlyCount "66"]
[EventDate "2012.03.20"]
[EventType "swiss"]
[EventRounds "11"]
[EventCountry "BUL"]
[SourceTitle "CBM 148"]
[Source "ChessBase"]
[SourceDate "2012.05.16"]
[SourceVersion "1"]
[SourceVersionDate "2012.05.16"]
[SourceQuality "1"]

1. d4 Nf6 2. Nf3 c5 3. e3 d5 4. b3 Nc6 5. Bb2 cxd4 6. Nxd4 e6 7. Nd2 Bd6 8. c4 0-0 9. Bd3 e5 10. Nf5 dxc4 11. Nxd6 cxd3 12. Ba3 Nd5 13. N2c4 Ndb4 14. Bxb4 Nxb4 15. 0-0 Qc7 16. Qd2 Nc2 17. Rad1 e4 18. f3 exf3 19. Qxd3 fxg2 20. Rf2 Nb4 21. Qc3 Nc6 22. Rxg2 f6 23. Rd5 Rd8 24. e4 Be6 25. Rd3 Kh8 26. Rdg3 Rxd6 27. Nxd6 Qxd6 28. Rxg7 Qd1+ 29. Kf2 Ne5 30. Re7 Rd8 31. Rg3 Rd2+ 32. Ke3 Qe1+ 33. Kf4 Rf2+ 0-1

[Event "Reykjavik op"]
[Site "Reykjavik"]
[Date "2012.03.13"]
[Round "9"]
[White "Cherednichenko, Svetlana"]
[Black "Coleman, Teddy"]
[Result "1/2-1/2"]
[WhiteElo "2279"]
[BlackElo "2356"]
[PlyCount "20"]
[EventDate "2012.03.06"]
[EventType "swiss"]
[EventRounds "9"]
[EventCountry "ISL"]
[SourceTitle "CBM 147 Extra"]
[Source "ChessBase"]
[SourceDate "2012.04.24"]
[SourceVersion "1"]
[SourceVersionDate "2012.04.24"]
[SourceQuality "1"]

1. d4 d5 2. Nf3 Nf6 3. e3 c6 4. Bd3 Bg4 5. Nbd2 Nbd7 6. 0-0 e6 7. b3 Bd6 8. Bb2 Qc7 9. h3 Bh5 10. c3 0-0 1/2-1/2